000 00686nam a2200229Ia 4500
003 GCL
008 140319s9999 xx 000 0 ara d
040 _aGCL /
_cGCL
082 0 4 _a811.082
_bب ى
100 1 _aبدر توفيق
245 1 0 _aاليمامة الخضراء /
_cبدر توفيق
260 _a[S.N] :
_bالهيئة المصرية العامة للكتاب ،
_c1989
300 _a185 ص
490 _a
650 0 4 _aالشعر العربى
650 0 4 _aالادب العربى
650 0 4 _aمصر
650 0 4 _aالشعر الحر
650 0 4 _aالشعر السياسى
650 0 4 _aالشعر العربى - العصر الحديث
942 _2ddc
_cBK
999 _c30329
_d30329